Most runs in Cricket World Cups - Statistics

General Stats
  • This quiz has been taken 933 times
  • The average score is 17 of 35
Answer Stats
Runs Answer Country % Correct
2278 Tendulkar India
96%
1743 Ponting Australia
95%
1225 Lara West Indies
90%
1148 Kallis South Africa
81%
860 Dravid India
73%
975 Jayawardene Sri Lanka
71%
1085 Gilchrist Australia
70%
987 Hayden Australia
70%
991 Sangakkara Sri Lanka
70%
1165 Jayasuriya Sri Lanka
65%
747 Smith South Africa
65%
1013 Richards West Indies
64%
1004 Waugh Australia
64%
978 Waugh Australia
64%
1006 Ganguly India
61%
843 Sehwag India
58%
970 Chanderpaul West Indies
51%
1075 Fleming New Zealand
48%
815 Flower Zimbabwe
46%
1083 Miandad Pakistan
46%
725 De Villiers South Africa
45%
1067 Gibbs South Africa
39%
969 Ranatunga Sri Lanka
38%
880 Crowe New Zealand
35%
897 Gooch England
30%
806 Kirsten South Africa
29%
915 Anwar Pakistan
25%
854 Haynes West Indies
24%
738 Singh India
24%
826 Azharuddin India
22%
768 Tikolo Kenya
20%
739 Sarwan West Indies
17%
815 Boon Australia
16%
1064 Silva Sri Lanka
15%
909 Styris New Zealand
6%
No matching quizzes found
Score Distribution
Percent of People with Each Score
Percentile by Number Answered
Your Score History
You have not taken this quiz